New waste consultation paper for Scotland (Record no. 116967)

MARC details
000 -LEADER
fixed length control field 01176cam a2200229 4500
001 - CONTROL NUMBER
control field WB4004-20
008 - FIXED-LENGTH DATA ELEMENTS--GENERAL INFORMATION
fixed length control field 040128n2004 000 0 eng u
035 ## - SYSTEM CONTROL NUMBER
System control number (Sirsi) u124936
245 ## - TITLE STATEMENT
Title New waste consultation paper for Scotland
260 ## - PUBLICATION, DISTRIBUTION, ETC.
Date of publication, distribution, etc. 2004
490 ## - SERIES STATEMENT
Series statement Scottish Executive Press Release
Volume/sequential designation (SEen768/2004) 26 January 2004 (2)
520 ## - SUMMARY, ETC.
Summary, etc. Proposals to extend the controlled waste regime in Scotland were published today in "Farm wastes and non-mineral wastes from farms and quarries". They include measures to bring non-mineral wastes from mines and quarries and farm wastes within the regulations covering all other waste in Scotland. They also make it an offence to treat, keep or dispose of household wastes in a manner likely to cause pollution of the environment or harm to human health. Copies of the report can be ordered from Ruth Campbell on +44 (0)131 244 0397 http://www.scotland.gov.uk/pages/news/2004/01/SEc3 87a.aspx.
590 ## - LOCAL NOTE (RLIN)
Local note WB
590 ## - LOCAL NOTE (RLIN)
Local note WB
650 ## - SUBJECT ADDED ENTRY--TOPICAL TERM
Topical term or geographic name entry element MINING AND MINERALS
650 ## - SUBJECT ADDED ENTRY--TOPICAL TERM
Topical term or geographic name entry element FARMS
650 ## - SUBJECT ADDED ENTRY--TOPICAL TERM
Topical term or geographic name entry element POLLUTION
650 ## - SUBJECT ADDED ENTRY--TOPICAL TERM
Topical term or geographic name entry element HOUSEHOLD WASTE
650 ## - SUBJECT ADDED ENTRY--TOPICAL TERM
Topical term or geographic name entry element ENVIRONMENT
9 (RLIN) 6238
690 ## - LOCAL SUBJECT ADDED ENTRY--TOPICAL TERM (OCLC, RLIN)
Topical term or geographic name as entry element WASTE MANAGEMENT
942 ## - ADDED ENTRY ELEMENTS (KOHA)
Suppress in OPAC 0
Holdings
Withdrawn status Lost status Source of classification or shelving scheme Damaged status Not for loan Home library Current library Shelving location Date acquired Total Checkouts Full call number Barcode Date last seen Copy number Price effective from Koha item type
    Dewey Decimal Classification     London London News article 28/01/2004   WB4004-20 124936-1001 06/08/2019 1 06/08/2019 News article